Sobolev spaces

Αποθηκεύτηκε σε:
Λεπτομέρειες βιβλιογραφικής εγγραφής
Κύριος συγγραφέας: Adams, R. A. (Robert Alexander), 1940-
Μορφή: Βιβλίο
Γλώσσα:English
Δημοσίευση: Amsterdam ; Oxford : Academic Press, 2006, c2003
Έκδοση:2η έκδ., ανατύπωση
Σειρά:Pure and applied mathematics (Academic Press) ; 140
Θέματα:
Ετικέτες: Προσθήκη ετικέτας
Δεν υπάρχουν, Καταχωρήστε ετικέτα πρώτοι!

MARC

LEADER 00000nam a2200000 i 4500
001 1/52606
008 070827s20032006 eng d
020 |a 0-12-044143-8 
035 |l 10090049 
040 |a GR-MY-UA  |b gre  |e aacr 
041 0 |a eng 
082 0 |a 515.7  |2 (22) 
100 1 |a Adams, R. A.   |q (Robert Alexander),   |d 1940- 
245 1 0 |a Sobolev spaces /  |c Robert A. Adams 
250 |a 2η έκδ., ανατύπωση 
260 |a Amsterdam ; Oxford :   |b Academic Press,   |c 2006, c2003 
300 |a xviii, 268 σ.;  |b εικ.;  |c 24 εκ. 
490 1 |a Pure and applied mathematics series  |v ; 140 
504 |a Περιλαμβάνει βιβλιογραφία και ευρετήριο 
650 0 0 |a Sobolev spaces. 
650 0 0 |a Orlicz spaces. 
830 0 |a Pure and applied mathematics (Academic Press)  |v ; 140 
852 |a INST  |b SAMOS  |e 20070827  |h 515.7 ADA  |p 005300028420  |q 005300028420  |t BK  |y 0 
901 |a BIBL3-2007-2 
909 |a Σ  |b 137182 
922 |a 3ΕΛΗ  |b 200707  |c ΕΠΕΑΕΚ2/ΤΜΠΕΣ  |d ΕΛΕΥΘΕΡΟΥΔΑΚΗΣ 
970 |a ΡΟΥΣΣΟΥ  |b ΚΩΝΣΤΑΝΤΙΝΑ  |z 2007/08/27